000 01752nam a2200481 c 4500
001 53966
003 ES-MaCES
005 20251119143016.0
008 251114s2025 sp |||| 000 | spa d
017 _aB 9801-2025
_bDL
020 _a9791387543846
040 _aES-MaCES
_bspa
_cES-MaCES
041 0 _aspa
_afre
_aita
_apor
245 0 0 _aTrabajo y pesca sostenible en España, Francia, Italia y Portugal desde la perspectiva del Derecho del trabajo
_cdir., Xosé Manuel Carril Vázquez, Olga Fotinopoulou Basurko (dir.) ; coord., María Gorrochategui Polo ; autoría, Patrick Chaumette ... [et al.]
260 _aBarcelona
_bAtelier
_c[2025]
300 _a183 p.
_c20 cm
490 1 _aAtelier laboral
500 _aTextos en español, francés, italiano y portugués
504 _aBibliografía: p: 345-377
541 _cCompra
650 4 _apesca
_927611
650 4 _aindustria pesquera
_927608
650 4 _atrabajador de la pesca
_928434
650 4 _acondiciones de trabajo
_928327
650 4 _aprotección social
_929076
650 4 _arecursos marinos
_928716
650 4 _aconservación de los recursos
_928755
650 4 _adesarrollo sostenible
_930785
650 4 _aderecho del trabajo
_927165
650 4 _aderecho comparado
_929868
650 4 _aEspaña
_926964
650 4 _aFrancia
_926943
650 4 _aItalia
_926952
650 4 _aPortugal
_926960
653 1 0 _aDerecho del trabajo y Seguridad Social
700 1 _99127
_aCarril Vázquez, Xosé Manuel
_edir.
700 1 _912304
_aFotinopoulou Basurko, Olga
_edir.
700 1 _941565
_aGorrochategui Polo, María
_ecol.
700 1 _99526
_aChaumette, Patrick
830 0 _aAtelier laboral
_934123
902 _aLIB Libro
942 _2CES
_cBK
_h6.0.1.
999 _c53966
_d53966